The Town and Country Planning (Inquiries Procedure) (Scotland) Amendment Rules 2009 (Record no. 109729)
[ view plain ]
| 000 -LEADER | |
|---|---|
| fixed length control field | 01627cad a22002655a 4500 |
| 001 - CONTROL NUMBER | |
| control field | E147804 |
| 008 - FIXED-LENGTH DATA ELEMENTS--GENERAL INFORMATION | |
| fixed length control field | 090619s2009 xxk f s000 0 eng d |
| 035 ## - SYSTEM CONTROL NUMBER | |
| System control number | (Sirsi) u147804 |
| 041 0# - LANGUAGE CODE | |
| Language code of text/sound track or separate title | eng |
| 110 2# - MAIN ENTRY--CORPORATE NAME | |
| Corporate name or jurisdiction name as entry element | Scotland |
| Form subheading | Laws, etc |
| 245 04 - TITLE STATEMENT | |
| Title | The Town and Country Planning (Inquiries Procedure) (Scotland) Amendment Rules 2009 |
| Medium | [electronic resource] |
| 260 ## - PUBLICATION, DISTRIBUTION, ETC. | |
| Place of publication, distribution, etc. | Edinburgh |
| Name of publisher, distributor, etc. | Scottish Government |
| Date of publication, distribution, etc. | 2009 |
| 490 #0 - SERIES STATEMENT | |
| Series statement | Scottish Statutory Instrument |
| Volume/sequential designation | 2009: 212 |
| 520 ## - SUMMARY, ETC. | |
| Summary, etc. | These Rules amend the Town and Country Planning (Inquiries Procedure) (Scotland) Rules 1997 and the Town and Country Planning Appeal (Determination by Appointed Person) (Inquiries Procedure) (Scotland) Rules 1997. The amendments provide that those Rules do not apply to inquiries held in connection with appeals whose procedure is regulated by the Town and Country Planning (Appeals) (Scotland) Regulations 2008, or appeals relating to the discharge of planning obligations and good neighbour agreements. |
| 520 ## - SUMMARY, ETC. | |
| Summary, etc. | Comes into force 3 August 2009. |
| 521 ## - TARGET AUDIENCE NOTE | |
| Target audience note | Advanced |
| 590 ## - LOCAL NOTE (RLIN) | |
| Local note | KA |
| 650 24 - SUBJECT ADDED ENTRY--TOPICAL TERM | |
| Topical term or geographic name entry element | TOWN AND COUNTRY PLANNING (INQUIRIES PROCEDURE) (SCOTLAND) AMENDMENT RULES 2009 |
| 650 24 - SUBJECT ADDED ENTRY--TOPICAL TERM | |
| Topical term or geographic name entry element | TOWN AND COUNTRY PLANNING (INQUIRIES PROCEDURE) (SCOTLAND) RULES 1997 |
| 650 24 - SUBJECT ADDED ENTRY--TOPICAL TERM | |
| Topical term or geographic name entry element | TOWN AND COUNTRY PLANNING APPEAL (DETERMINATION BY APPOINTED PERSON) (INQUIRIES PROCEDURE) (SCOTLAND) RULES 1997 |
| 651 #4 - SUBJECT ADDED ENTRY--GEOGRAPHIC NAME | |
| Geographic name | Scotland |
| Chronological subdivision | 1999- |
| 690 ## - LOCAL SUBJECT ADDED ENTRY--TOPICAL TERM (OCLC, RLIN) | |
| Topical term or geographic name as entry element | Planning and development |
| 9 (RLIN) | 6259 |
| 856 40 - ELECTRONIC LOCATION AND ACCESS | |
| Uniform Resource Identifier | <a href="https://www.opsi.gov.uk/legislation/scotland/ssi2009/ssi_20090212_en_1">https://www.opsi.gov.uk/legislation/scotland/ssi2009/ssi_20090212_en_1</a> |
| Public note | View the statutory instrument free of charge at www.opsi.gov.uk... |
| 942 ## - ADDED ENTRY ELEMENTS (KOHA) | |
| Suppress in OPAC | 0 |
| Withdrawn status | Lost status | Source of classification or shelving scheme | Damaged status | Not for loan | Home library | Current library | Shelving location | Date acquired | Total Checkouts | Full call number | Barcode | Date last seen | Copy number | Price effective from | Koha item type |
|---|---|---|---|---|---|---|---|---|---|---|---|---|---|---|---|
| Dewey Decimal Classification | Virtual | Virtual | Online | 19/06/2009 | ONLINE PUBLICATION | 147804-2001 | 06/08/2019 | 1 | 06/08/2019 | Book |